<?xml version="1.0" encoding="UTF-8"?><?xml-stylesheet type="text/xsl" href="static/style.xsl"?><OAI-PMH xmlns="http://www.openarchives.org/OAI/2.0/" xmlns:xsi="http://www.w3.org/2001/XMLSchema-instance" xsi:schemaLocation="http://www.openarchives.org/OAI/2.0/ http://www.openarchives.org/OAI/2.0/OAI-PMH.xsd"><responseDate>2026-04-13T02:41:34Z</responseDate><request verb="GetRecord" identifier="oai:www.recercat.cat:11351/13782" metadataPrefix="marc">https://recercat.cat/oai/request</request><GetRecord><record><header><identifier>oai:recercat.cat:11351/13782</identifier><datestamp>2025-10-24T08:53:30Z</datestamp><setSpec>com_2072_378070</setSpec><setSpec>com_2072_378040</setSpec><setSpec>com_2072_378071</setSpec><setSpec>col_2072_378092</setSpec><setSpec>col_2072_378097</setSpec></header><metadata><record xmlns="http://www.loc.gov/MARC21/slim" xmlns:dcterms="http://purl.org/dc/terms/" xmlns:xsi="http://www.w3.org/2001/XMLSchema-instance" xmlns:doc="http://www.lyncode.com/xoai" xsi:schemaLocation="http://www.loc.gov/MARC21/slim http://www.loc.gov/standards/marcxml/schema/MARC21slim.xsd">
   <leader>00925njm 22002777a 4500</leader>
   <datafield ind2=" " ind1=" " tag="042">
      <subfield code="a">dc</subfield>
   </datafield>
   <datafield ind2=" " ind1=" " tag="720">
      <subfield code="a">Buttgereit, Thomas</subfield>
      <subfield code="e">author</subfield>
   </datafield>
   <datafield ind2=" " ind1=" " tag="720">
      <subfield code="a">Aulenbacher, Felix</subfield>
      <subfield code="e">author</subfield>
   </datafield>
   <datafield ind2=" " ind1=" " tag="720">
      <subfield code="a">Adatia, Adil</subfield>
      <subfield code="e">author</subfield>
   </datafield>
   <datafield ind2=" " ind1=" " tag="720">
      <subfield code="a">Vera Ayala, Carolina</subfield>
      <subfield code="e">author</subfield>
   </datafield>
   <datafield ind2=" " ind1=" " tag="720">
      <subfield code="a">Al-Nesf Al-Mansouri, Maryam Ali Y</subfield>
      <subfield code="e">author</subfield>
   </datafield>
   <datafield ind2=" " ind1=" " tag="720">
      <subfield code="a">Altrichter, Sabine</subfield>
      <subfield code="e">author</subfield>
   </datafield>
   <datafield ind2=" " ind1=" " tag="720">
      <subfield code="a">Guilarte, Mar</subfield>
      <subfield code="e">author</subfield>
   </datafield>
   <datafield ind2=" " ind1=" " tag="260">
      <subfield code="c">2025-10-06T09:17:31Z</subfield>
   </datafield>
   <datafield ind2=" " ind1=" " tag="260">
      <subfield code="c">2025-10-06T09:17:31Z</subfield>
   </datafield>
   <datafield ind2=" " ind1=" " tag="260">
      <subfield code="c">2025-07-28</subfield>
   </datafield>
   <datafield ind2=" " ind1=" " tag="520">
      <subfield code="a">Hereditary angioedema; Management; Treatment goals</subfield>
   </datafield>
   <datafield ind2=" " ind1=" " tag="520">
      <subfield code="a">Angioedema hereditario; Manejo; Objetivos del tratamiento</subfield>
   </datafield>
   <datafield ind2=" " ind1=" " tag="520">
      <subfield code="a">Angioedema hereditari; Tractament; Objectius del tractament</subfield>
   </datafield>
   <datafield ind2=" " ind1=" " tag="520">
      <subfield code="a">Background: Hereditary angioedema (HAE) is a rare and potentially life-threatening genetic disorder characterized by unpredictable attacks of angioedema. MENTALIST (UnMEt Needs in herediTAry angioedema-a gLobal physIcian perSpecTive) is the first international survey uncovering unmet needs and identifying barriers to optimal management in HAE following the latest update of the World Allergy Organization (WAO)/European Academy of Allergy and Clinical Immunology (EAACI) HAE guidelines.&#xd;
Methods: This web-based survey comprised 24 questions on HAE management and unmet needs. HAE-expert physicians from the Angioedema Centers of Reference and Excellence network ranked unmet needs according to their own perspectives and their patients' perspectives, using a 10-point Likert scale ranging from 0 (not a challenge/unmet need at all) to 10 (huge challenge/unmet need).&#xd;
Results: Of 64 respondents from 32 countries, most (91%) had > 5 years of experience in managing HAE. Overall, 48% of respondents (n = 31/64) reported that &lt; 50% of their patients had achieved the WAO/EAACI HAE treatment goals of total disease control and "normalization" of life at the time of the survey. Implementation of consensus recommendations was found to be inconsistent across regions. Gaps in non-HAE-expert physician knowledge, treatment costs, and reimbursement for long-term prophylaxis were the highest-priority challenges according to the respondents. Burden of disease remains a challenge among patients, as reported by their physicians.&#xd;
Conclusions: The MENTALIST findings highlight a need for removal of barriers to HAE treatment goals and propose a call to action to improve access to treatments, for greater provision of education for physicians and patients, critical collaboration with patient organizations and industry stakeholders and ultimately to optimize HAE care.</subfield>
   </datafield>
   <datafield ind2=" " ind1=" " tag="520">
      <subfield code="a">Open Access funding enabled and organized by Projekt DEAL. This study was funded by CSL Behring.</subfield>
   </datafield>
   <datafield ind1="8" ind2=" " tag="024">
      <subfield code="a">http://hdl.handle.net/11351/13782</subfield>
   </datafield>
   <datafield tag="653" ind2=" " ind1=" ">
      <subfield code="a">Enquestes</subfield>
   </datafield>
   <datafield tag="653" ind2=" " ind1=" ">
      <subfield code="a">Edema - Tractament</subfield>
   </datafield>
   <datafield tag="653" ind2=" " ind1=" ">
      <subfield code="a">Sistema cardiovascular - Malalties - Tractament</subfield>
   </datafield>
   <datafield tag="653" ind2=" " ind1=" ">
      <subfield code="a">ANALYTICAL, DIAGNOSTIC AND THERAPEUTIC TECHNIQUES, AND EQUIPMENT::Investigative Techniques::Epidemiologic Methods::Data Collection::Surveys and Questionnaires</subfield>
   </datafield>
   <datafield tag="653" ind2=" " ind1=" ">
      <subfield code="a">DISEASES::Cardiovascular Diseases::Vascular Diseases::Angioedema::Angioedemas, Hereditary</subfield>
   </datafield>
   <datafield tag="653" ind2=" " ind1=" ">
      <subfield code="a">Other subheadings::Other subheadings::/therapy</subfield>
   </datafield>
   <datafield tag="653" ind2=" " ind1=" ">
      <subfield code="a">TÉCNICAS Y EQUIPOS ANALÍTICOS, DIAGNÓSTICOS Y TERAPÉUTICOS::técnicas de investigación::métodos epidemiológicos::recopilación de datos::encuestas y cuestionarios</subfield>
   </datafield>
   <datafield tag="653" ind2=" " ind1=" ">
      <subfield code="a">ENFERMEDADES::enfermedades cardiovasculares::enfermedades vasculares::angioedema::angioedemas hereditarios</subfield>
   </datafield>
   <datafield tag="653" ind2=" " ind1=" ">
      <subfield code="a">Otros calificadores::Otros calificadores::/terapia</subfield>
   </datafield>
   <datafield ind2="0" ind1="0" tag="245">
      <subfield code="a">Unmet needs in hereditary angioedema: an international survey of physicians</subfield>
   </datafield>
</record></metadata></record></GetRecord></OAI-PMH>